| 000 | 00556cam a2200145 4500500 | ||
|---|---|---|---|
| 005 | 20260111093459.0 | ||
| 041 | _afre | ||
| 042 | _adc | ||
| 100 | 1 | 0 |
_aMiossec, Alain _eauthor |
| 245 | 0 | 0 | _aP.S Filliozat et M. Zink (éditeurs), Tempus et Tempestas, Académie des Inscriptions et Belles-Lettres (Actes de colloque), 419 pages, 2016 |
| 260 | _c2017. | ||
| 500 | _a52 | ||
| 786 | 0 | _nLa Géographie | 1566 | 3 | 2017-07-03 | p. 53g-57g | 1964-9002 | |
| 856 | 4 | 1 | _uhttps://shs.cairn.info/revue-la-geographie-2017-3-page-53g?lang=fr&redirect-ssocas=7080 |
| 999 |
_c1626469 _d1626469 |
||